书目信息 |
| 题名: |
越缦堂读书简端记
|
|
| 作者: | 李慈铭 著 ;王利器 纂辑 | |
| 分册: | ||
| 出版信息: | 天津 天津人民出版社 1980 |
|
| 页数: | 490页 | |
| 开本: | 21cm | |
| 丛书名: | ||
| 单 册: | ||
| 中图分类: | I269.6 | |
| 科图分类: | ||
| 主题词: | 散文--中国 , 散文--作品综合集--中国 | |
| 电子资源: | ||
| ISBN: | ||
| 000 | 00721nam0 2200265 45 | |
| 001 | 0180003876 | |
| 005 | 20040407170021.6 | |
| 010 | @dCNY1.74 | |
| 091 | @a17072.1 | |
| 100 | @a19950601d1980 emky0chiy0121 ea | |
| 101 | 0 | @achi |
| 102 | @aCN@b120000 | |
| 105 | @ay z 000yy | |
| 106 | @ar | |
| 200 | 10 | @a越缦堂读书简端记@Ayue man tang du shu jian duan ji@f(清)李慈铭著@g王利器纂辑 |
| 210 | @a天津@c天津人民出版社@d1980 | |
| 215 | @a490页@d21cm | |
| 606 | 0 | @a散文@x中国 |
| 606 | 0 | @a散文@x作品综合集@x中国 |
| 690 | @aI269.6 | |
| 701 | 0 | @a李慈铭@Ali ci ming@4著 |
| 702 | 0 | @a王利器@Awang li qi@4纂辑 |
| 801 | 0 | @aCN@b上海图书馆@c20040407 |
| 801 | 2 | @aCN@bNLC@c20040407 |
| 905 | @f1@b219897@dI269.6@e407 | |
| 越缦堂读书简端记/(清)李慈铭著/王利器纂辑.-天津:天津人民出版社,1980 |
| 490页;21cm |
| ISBN :CNY1.74 |
| ● |
| 相关链接 |
|
|
|
|
正题名:越缦堂读书简端记
索取号:I269.6/407
 
预约/预借
| 序号 | 登录号 | 条形码 | 馆藏地/架位号 | 状态 | 备注 |
| 1 | 0219897 | 000027875 | 第二借阅区/ [索取号:I269.6/407] | 在馆 | |
| 2 | 0219898 | 000027866 | 第一样本阅览室/ [索取号:I269.6/407] | 在馆 |